000 nam a22 7a 4500
999 _c8251
_d8251
008 171213b xxu||||| |||| 00| 0 eng d
100 _94675
_aSWIFT.J
245 _aTRAVELS OF GULIVER
260 _aNEW DELHI
_bHAR ANAND
_c2017